<?xml version="1.0" encoding="UTF-8"?><?xml-stylesheet type="text/xsl" href="static/style.xsl"?><OAI-PMH xmlns="http://www.openarchives.org/OAI/2.0/" xmlns:xsi="http://www.w3.org/2001/XMLSchema-instance" xsi:schemaLocation="http://www.openarchives.org/OAI/2.0/ http://www.openarchives.org/OAI/2.0/OAI-PMH.xsd"><responseDate>2026-04-17T05:27:04Z</responseDate><request verb="GetRecord" identifier="oai:www.recercat.cat:2117/353435" metadataPrefix="marc">https://recercat.cat/oai/request</request><GetRecord><record><header><identifier>oai:recercat.cat:2117/353435</identifier><datestamp>2025-07-17T16:40:06Z</datestamp><setSpec>com_2072_1033</setSpec><setSpec>col_2072_452951</setSpec></header><metadata><record xmlns="http://www.loc.gov/MARC21/slim" xmlns:dcterms="http://purl.org/dc/terms/" xmlns:xsi="http://www.w3.org/2001/XMLSchema-instance" xmlns:doc="http://www.lyncode.com/xoai" xsi:schemaLocation="http://www.loc.gov/MARC21/slim http://www.loc.gov/standards/marcxml/schema/MARC21slim.xsd">
   <leader>00925njm 22002777a 4500</leader>
   <datafield ind2=" " ind1=" " tag="042">
      <subfield code="a">dc</subfield>
   </datafield>
   <datafield ind2=" " ind1=" " tag="720">
      <subfield code="a">Calatrava Banus, Alex</subfield>
      <subfield code="e">author</subfield>
   </datafield>
   <datafield ind2=" " ind1=" " tag="260">
      <subfield code="c">2021-07-13</subfield>
   </datafield>
   <datafield ind2=" " ind1=" " tag="520">
      <subfield code="a">Este proyecto intenta solucionar un problema existente en la actualidad, referente a la forma de diseñar y modelar motocicletas eléctricas en su conjunto y al enfoque de las herramientas que se usan. Actualmente, como norma general, se diseña y mejora cada elemento que compone el tren de potencia de una moto, de manera individual. Esto hace que, al estudiar el comportamiento de los elementos diseñados en conjunto, no alcancen los valores óptimos posibles. Para estudiar todo el tren de potencia en su conjunto, se han modelado todos los factores que interaccionan en una conducción normal de la forma más simplificada posible, pero sin afectar a la precisión de la respuesta del modelo que se necesita. La herramienta creada con este fin se ha realizado en Matlab-Simulink, ejecutando unos ciclos de conducción normalizados a nivel mundial al modelo de motocicleta, los cuales, proporcionan los valores de autonomía y consumo esperados. Este proyecto soluciona el problema anteriormente comentado para motocicletas de hasta 10 kW, distinguiendo entre varias tipologías de moto dentro de ese rango. Este trabajo se divide en tres apartados bien diferenciadas. Un primer apartado de caracterización, donde se definen los atributos peculiares de una motocicleta y su comportamiento. Un segundo apartado de modelo de simulación, donde se muestra el modelo realizado dividido en componentes y elementos. Y un tercer apartado de simulación, donde se comprueba el funcionamiento del modelo realizado introduciendo datos de motocicletas reales y observando su respuesta</subfield>
   </datafield>
   <datafield tag="653" ind2=" " ind1=" ">
      <subfield code="a">Àrees temàtiques de la UPC::Enginyeria electrònica</subfield>
   </datafield>
   <datafield tag="653" ind2=" " ind1=" ">
      <subfield code="a">Automobiles -- Transmission devices -- Computer simulation</subfield>
   </datafield>
   <datafield tag="653" ind2=" " ind1=" ">
      <subfield code="a">Electric vehicles -- Motors -- Design and construction</subfield>
   </datafield>
   <datafield tag="653" ind2=" " ind1=" ">
      <subfield code="a">Motorcycles -- Motors</subfield>
   </datafield>
   <datafield tag="653" ind2=" " ind1=" ">
      <subfield code="a">Automòbils -- Mecanismes de transmissió -- Simulació per ordinador</subfield>
   </datafield>
   <datafield tag="653" ind2=" " ind1=" ">
      <subfield code="a">Vehicles elèctrics -- Motors -- Disseny i construcció</subfield>
   </datafield>
   <datafield tag="653" ind2=" " ind1=" ">
      <subfield code="a">Motocicletes -- Motors</subfield>
   </datafield>
   <datafield ind2="0" ind1="0" tag="245">
      <subfield code="a">Análisis y modelado del sistema de propulsión de una moto eléctrica de hasta 10 kW de potencia.</subfield>
   </datafield>
</record></metadata></record></GetRecord></OAI-PMH>